| 000 | 00589nam a22001337a 4500 | ||
|---|---|---|---|
| 040 | _cRUA | ||
| 082 | _aAGR BO 2011 B099 Or.1 | ||
| 100 | _aBO, LENGCHHORN. | ||
| 245 | _aoutbreak of pig diseases in pearang district, preyveng province (សកម្មភាពនៃជំងឺជ្រូកដែលជួបប្រទះនៅស្រុកពារំាង ខេត្តព្រៃវែង) | ||
| 260 |
_aPhnom Penh _bRUA _c2011 |
||
| 300 |
_aviii, 39p. _bill. _c29cm. |
||
| 856 | _uhttps://drive.google.com/file/d/1NjqSJisPTZI3r4-S8mNYsGw6l09Wwizv/view?usp=sharing | ||
| 942 | _cAVM | ||
| 999 |
_c2831 _d2831 |
||